[Event "EUR-ch Seniors 50"]
[Site "Prague"]
[Date "2021.09.05"]
[Round "7.2"]
[White "Zemanek, Jan"]
[Black "Leib, Britta"]
[Result "1/2-1/2"]
[WhiteElo "1860"]
[BlackElo "1916"]
[PlyCount "106"]
[EventDate "2021.08.30"]
[EventType "team-tourn"]
[EventRounds "9"]
[EventCountry "CZE"]
[SourceTitle "CBM 204 Extra"]
[Source "ChessBase"]
[SourceDate "2021.11.30"]
[SourceVersion "1"]
[SourceVersionDate "2021.11.30"]
[SourceQuality "1"]
[WhiteTeam "Boskovice Makkabi 50"]
[BlackTeam "Germany (Women) 50"]
[WhiteTeamCountry "CZE"]
[BlackTeamCountry "GER"]

1. d4 g6 2. g3 Bg7 3. Bg2 Nf6 4. Nf3 d6 5. 0-0 0-0 6. c4 c6 7. Nc3 Nbd7 8. Qc2 Qc7 9. e4 e5 10. d5 cxd5 11. cxd5 Nc5 12. Nd2 Bd7 13. Nb3 Na4 14. Bd2 Rfc8 15. Rac1 Qd8 16. Qb1 Nxc3 17. Rxc3 Rxc3 18. Bxc3 Rc8 19. Bd2 b6 20. h3 Ne8 21. Rc1 f5 22. f3 Rxc1+ 23. Qxc1 Bf6 24. Be3 fxe4 25. fxe4 Nc7 26. Qd2 Qc8 27. Kh2 Qa6 28. Nc1 Ne8 29. b3 Qc8 30. Nd3 h5 31. Nf2 Kg7 32. Bf1 Kh7 33. a4 Qc7 34. Bd3 Kg7 35. Bc2 Qc8 36. b4 Qc7 37. Bb3 Bd8 38. Kg2 Be7 39. Bd1 Nf6 40. Bg5 Qc4 41. b5 Kf7 42. Qe2 Qxe2 43. Bxe2 Nxd5 44. exd5 Bxg5 45. Bd3 Be3 46. Ne4 Bc5 47. Nd2 Bb4 48. Ne4 Bf5 49. Kh2 Bxe4 50. Bxe4 Kf6 51. h4 Be1 52. Kh3 Bf2 53. Kg2 Be1 1/2-1/2

[Event "EUR-ch Seniors 50"]
[Site "Prague"]
[Date "2021.09.04"]
[Round "6.2"]
[White "Miculka, Petr"]
[Black "Zemanek, Jan"]
[Result "1-0"]
[WhiteElo "2081"]
[BlackElo "1860"]
[PlyCount "62"]
[EventDate "2021.08.30"]
[EventType "team-tourn"]
[EventRounds "9"]
[EventCountry "CZE"]
[SourceTitle "CBM 204 Extra"]
[Source "ChessBase"]
[SourceDate "2021.11.30"]
[SourceVersion "1"]
[SourceVersionDate "2021.11.30"]
[SourceQuality "1"]
[WhiteTeam "Vysocina KSS 50"]
[BlackTeam "Boskovice Makkabi 50"]
[WhiteTeamCountry "CZE"]
[BlackTeamCountry "CZE"]

1. e4 c5 2. Nf3 d6 3. c3 g6 4. d4 cxd4 5. cxd4 Bg7 6. Bc4 e6 7. 0-0 Nf6 8. Nc3 0-0 9. Bb3 a6 10. a4 b6 11. Qe2 Bb7 12. Bg5 Qe8 13. Rfe1 Nbd7 14. h3 e5 15. Rad1 h6 16. Bh4 g5 17. Bg3 Qe7 18. Nd5 Nxd5 19. exd5 Rfe8 20. Nd2 f5 21. f4 gxf4 22. Bxf4 Qh4 23. Be3 exd4 24. Bf2 Rxe2 25. Bxh4 Rxe1+ 26. Rxe1 Ne5 27. Rf1 Ng6 28. Bg3 f4 29. Bxf4 Nxf4 30. Rxf4 Re8 31. Kf2 Be5 1-0

[Event "EUR-ch Seniors 50"]
[Site "Prague"]
[Date "2021.08.30"]
[Round "1.2"]
[White "Paldus, Petr"]
[Black "Zemanek, Jan"]
[Result "1/2-1/2"]
[WhiteElo "2025"]
[BlackElo "1860"]
[PlyCount "119"]
[EventDate "2021.08.30"]
[EventType "team-tourn"]
[EventRounds "9"]
[EventCountry "CZE"]
[SourceTitle "CBM 204 Extra"]
[Source "ChessBase"]
[SourceDate "2021.11.30"]
[SourceVersion "1"]
[SourceVersionDate "2021.11.30"]
[SourceQuality "1"]
[WhiteTeam "Pardubice Bohemia 50"]
[BlackTeam "Boskovice Makkabi 50"]
[WhiteTeamCountry "CZE"]
[BlackTeamCountry "CZE"]

1. e4 c5 2. Nf3 d6 3. c3 e6 4. d4 cxd4 5. cxd4 a6 6. Nc3 Nf6 7. Bg5 Be7 8. Bd3 0-0 9. e5 Nd5 10. Bxe7 Qxe7 11. exd6 Qd8 12. 0-0 f5 13. Nxd5 exd5 14. Ne5 Qxd6 15. Qd2 Nc6 16. Nxc6 bxc6 17. Rac1 Rb8 18. a3 Rf6 19. f4 Qd8 20. Rfe1 a5 21. Rc5 Qb6 22. Qxa5 Qxb2 23. Qc3 Qxc3 24. Rxc3 Ra8 25. Re7 Ba6 26. Bc2 Bc4 27. a4 g6 28. Rce3 Rc8 29. Rb7 Rf7 30. Rxf7 Kxf7 31. Bb3 Ra8 32. Bxc4 dxc4 33. Ra3 Ra5 34. Kf2 Ke6 35. Ke3 Kd5 36. Ra2 c5 37. dxc5 Kxc5 38. Ra1 Ra6 39. a5 Re6+ 40. Kd2 Kb5 41. Kc3 Re3+ 42. Kd2 Re6 43. Kc3 Re3+ 44. Kd2 Re6 45. g3 Rd6+ 46. Kc2 Re6 47. Kc3 Re3+ 48. Kd2 Re6 49. h3 Rd6+ 50. Kc2 Re6 51. g4 fxg4 52. hxg4 Ka6 53. Kc3 Re4 54. Rf1 Kxa5 55. f5 gxf5 56. gxf5 Kb5 57. f6 Re8 58. f7 Rf8 59. Kd4 c3 60. Kxc3 1/2-1/2

[Event "Brno Trade op-A 37th"]
[Site "Brno"]
[Date "2012.09.02"]
[Round "9"]
[White "Sipek, Michal"]
[Black "Zemanek, Jan"]
[Result "1-0"]
[WhiteElo "1963"]
[BlackElo "1858"]
[PlyCount "100"]
[EventDate "2012.08.26"]
[EventType "swiss"]
[EventRounds "9"]
[EventCountry "CZE"]
[SourceTitle "CBM 150 Extra"]
[Source "ChessBase"]
[SourceDate "2012.10.19"]
[SourceVersion "1"]
[SourceVersionDate "2012.10.19"]
[SourceQuality "1"]

1. c4 c5 2. Nc3 d6 3. Nf3 Nf6 4. g3 b6 5. Bg2 Bb7 6. d3 g6 7. Bg5 Bg7 8. Qc1 h6 9. Bd2 Nbd7 10. e4 Ne5 11. Nxe5 dxe5 12. Nd5 e6 13. Nxf6+ Qxf6 14. 0-0 Qd8 15. b4 Kf8 16. bxc5 bxc5 17. Be3 Qa5 18. Rb1 Ba6 19. Rb3 Kg8 20. Qa3 Qxa3 21. Rxa3 Bc8 22. Bxc5 a6 23. Rb1 Bf8 24. Bxf8 Kxf8 25. Ra5 f6 26. Rc5 Rh7 27. f4 Rd7 28. fxe5 fxe5 29. Rb3 a5 30. Bf1 a4 31. Rb6 Ke7 32. Rxe5 Rd6 33. Rb4 Bd7 34. Rc5 Rc6 35. Rxc6 Bxc6 36. a3 e5 37. Be2 Kd6 38. Kf2 Kc5 39. Ke3 h5 40. Bd1 Be8 41. h4 Bd7 42. Rb7 Kc6 43. Rb5 Kd6 44. Rd5+ Ke6 45. c5 Be8 46. g4 Rb8 47. gxh5 gxh5 48. d4 exd4+ 49. Kxd4 Rb1 50. Re5+ Kd7 1-0

[Event "Brno Trade op-A 37th"]
[Site "Brno"]
[Date "2012.09.01"]
[Round "8"]
[White "Zemanek, Jan"]
[Black "Turza, Pavel"]
[Result "1-0"]
[WhiteElo "1858"]
[BlackElo "1796"]
[PlyCount "95"]
[EventDate "2012.08.26"]
[EventType "swiss"]
[EventRounds "9"]
[EventCountry "CZE"]
[SourceTitle "CBM 150 Extra"]
[Source "ChessBase"]
[SourceDate "2012.10.19"]
[SourceVersion "1"]
[SourceVersionDate "2012.10.19"]
[SourceQuality "1"]

1. d4 Nf6 2. Nf3 c5 3. d5 g6 4. c4 d6 5. Nc3 Bg7 6. e4 Nbd7 7. Be2 a6 8. a4 0-0 9. 0-0 Re8 10. Qc2 Nf8 11. Nd2 g5 12. Nb3 h6 13. f4 gxf4 14. Bxf4 Ng6 15. Bg3 Ng4 16. Qc1 N4e5 17. h3 Rf8 18. Qc2 Bd7 19. a5 b6 20. Be1 bxa5 21. Rxa5 Qb6 22. Ra2 Rfb8 23. Nc1 Qd8 24. b3 Bf6 25. Bd1 Qf8 26. N3e2 Qg7 27. Kh1 Rf8 28. Ng3 Nh4 29. Nh5 Qg5 30. Nxf6+ exf6 31. Bxh4 Qxh4 32. Qf2 Qxf2 33. Raxf2 f5 34. exf5 f6 35. Rd2 a5 36. Nd3 a4 37. Nxe5 dxe5 38. bxa4 Bxa4 39. Rb2 Bxd1 40. Rxd1 Ra4 41. Rc1 Rfa8 42. Rb5 R8a5 43. Rb6 Kf7 44. Kh2 Ra6 45. Rb7+ Ke8 46. Rh7 Rb4 47. Rxh6 Rb2 48. Rc3 1-0

[Event "Prague op-A 11th"]
[Site "Prague"]
[Date "2012.01.19"]
[Round "8"]
[White "Bartos, Jan"]
[Black "Zemanek, Jan"]
[Result "1-0"]
[WhiteElo "2231"]
[BlackElo "1836"]
[PlyCount "67"]
[EventDate "2012.01.13"]
[EventType "swiss"]
[EventRounds "9"]
[EventCountry "CZE"]
[SourceTitle "CBM 146 Extra"]
[Source "ChessBase"]
[SourceDate "2012.02.29"]
[SourceVersion "1"]
[SourceVersionDate "2012.02.29"]
[SourceQuality "1"]

1. d4 d5 2. c4 Nf6 3. cxd5 Qxd5 4. Nc3 Qa5 5. Bd2 c6 6. e4 Qd8 7. Nf3 e6 8. Bd3 Be7 9. Qe2 h6 10. h3 b6 11. 0-0 Bb7 12. Bf4 Nbd7 13. Rfe1 0-0 14. e5 Nd5 15. Qe4 f5 16. exf6 Rxf6 17. Qh7+ Kf8 18. Ne5 Nxe5 19. Bxe5 Kf7 20. Bxf6 Bxf6 21. Qg6+ Ke7 22. Qg4 Nc7 23. Ne2 b5 24. Rad1 Qd5 25. b3 a5 26. Nf4 Qg5 27. Nxe6 Nxe6 28. Qxe6+ Kf8 29. Bh7 Qd5 30. Qxd5 cxd5 31. Rc1 g5 32. Rc7 Ba6 33. Rc6 Bxd4 34. Rg6 1-0

[Event "Brno Duras op-A"]
[Site "Brno"]
[Date "2011.07.01"]
[Round "8"]
[White "Zitny, Petr"]
[Black "Zemanek, Jan"]
[Result "1-0"]
[WhiteElo "1886"]
[BlackElo "1852"]
[PlyCount "69"]
[EventDate "2011.06.25"]
[EventType "swiss"]
[EventRounds "9"]
[EventCountry "CZE"]
[SourceTitle "CBM 143 Extra"]
[Source "ChessBase"]
[SourceDate "2011.08.29"]
[SourceVersion "1"]
[SourceVersionDate "2011.08.29"]
[SourceQuality "1"]

1. c4 c5 2. Nc3 b6 3. Nf3 Bb7 4. e3 g6 5. d4 Nf6 6. d5 a6 7. a4 Bg7 8. Bd3 d6 9. Ng5 h6 10. Nf3 Nbd7 11. 0-0 Ng4 12. Qc2 Nge5 13. Nxe5 Nxe5 14. Be2 Bc8 15. f4 Nd7 16. Bd2 Qc7 17. Bd3 Nf8 18. f5 g5 19. Ne4 Be5 20. Bc3 Bd7 21. Ng3 Bxc3 22. Qxc3 f6 23. Be2 0-0-0 24. Qb3 Qb7 25. Qc3 Kb8 26. b4 Qc7 27. a5 b5 28. Ne4 Rc8 29. Rab1 Ka7 30. cxb5 axb5 31. bxc5 dxc5 32. Bxb5 Qe5 33. Qc4 Bxf5 34. Bc6 Rxc6 35. dxc6 1-0

[Event "Brno Trade op"]
[Site "Brno"]
[Date "2010.08.24"]
[Round "4"]
[White "Korinek, Pavel"]
[Black "Zemanek, Jan"]
[Result "1/2-1/2"]
[WhiteElo "1988"]
[BlackElo "1839"]
[PlyCount "149"]
[EventDate "2010.08.22"]
[EventType "swiss"]
[EventRounds "9"]
[EventCountry "CZE"]
[SourceTitle "CBM 138 Extra"]
[Source "ChessBase"]
[SourceDate "2010.10.29"]
[SourceVersion "1"]
[SourceVersionDate "2010.10.29"]
[SourceQuality "1"]

1. e4 c5 2. Nc3 d6 3. f4 g6 4. Nf3 Bg7 5. Bc4 Nc6 6. 0-0 Na5 7. Bb5+ Bd7 8. Qe2 Nc6 9. e5 a6 10. Bc4 b5 11. Bxf7+ Kxf7 12. e6+ Ke8 13. exd7+ Qxd7 14. Nd5 Ra7 15. c3 Nf6 16. Ne3 Kd8 17. d3 Re8 18. d4 cxd4 19. cxd4 Nh5 20. Nc2 Nf6 21. Bd2 Nd5 22. Ng5 Nxd4 23. Qe4 Qf5 24. Qxf5 gxf5 25. Nxd4 Bxd4+ 26. Kh1 Bxb2 27. Rab1 Bc3 28. Bxc3 Nxc3 29. Rb3 Nd5 30. Rd3 Nb4 31. Rb3 Nc6 32. Rc3 Kd7 33. Rfc1 Na5 34. Nxh7 Nc4 35. a4 Rea8 36. h3 d5 37. axb5 axb5 38. Rb3 Ra1 39. Rxa1 Rxa1+ 40. Kh2 Nd6 41. Ng5 Re1 42. Kg3 Kc6 43. Kf2 Rc1 44. Ne6 Kb6 45. Rd3 Ne4+ 46. Ke2 Rc2+ 47. Ke3 Rxg2 48. Rxd5 Rg3+ 49. Kd4 Nd6 50. Re5 Rxh3 51. Ng5 Rh4 52. Rxe7 Nc4 53. Ne6 Rh1 54. Ng7 Rd1+ 55. Kc3 Rd5 56. Kb4 Nd6 57. Re6 Rd4+ 58. Kc3 Rc4+ 59. Kb3 Kc7 60. Re5 Re4 61. Nh5 Rxe5 62. fxe5 Nc4 63. Kb4 Nxe5 64. Kxb5 Kd6 65. Kb4 Kd5 66. Kc3 Nd7 67. Kd3 Ke5 68. Ke3 Nc5 69. Nf4 Kf6 70. Kf3 Ne4 71. Ke3 Kg5 72. Kf3 Nd2+ 73. Kg3 Nf1+ 74. Kf3 Kh4 75. Nd5 1/2-1/2

[Event "Brno Duras op-A"]
[Site "Brno"]
[Date "2010.07.01"]
[Round "5"]
[White "Zemanek, Jan"]
[Black "Richterova, Natasa"]
[Result "1-0"]
[WhiteElo "1839"]
[BlackElo "1702"]
[PlyCount "145"]
[EventDate "2010.06.27"]
[EventType "swiss"]
[EventRounds "9"]
[EventCountry "CZE"]
[SourceTitle "CBM 137 Extra"]
[Source "ChessBase"]
[SourceDate "2010.09.01"]
[SourceVersion "1"]
[SourceVersionDate "2010.09.01"]
[SourceQuality "1"]

1. d4 d5 2. c4 Nf6 3. Nc3 e6 4. Bg5 Be7 5. e3 b6 6. Nf3 Bb7 7. a3 Nbd7 8. b4 Rc8 9. c5 Ne4 10. Bxe7 Qxe7 11. Qb3 0-0 12. Be2 Ndf6 13. 0-0 Nxc3 14. Qxc3 Ne4 15. Qc2 bxc5 16. bxc5 Rb8 17. Rfb1 c6 18. Rb4 Qc7 19. Rab1 Ba8 20. Bd3 Nf6 21. Ne5 g6 22. h4 Rxb4 23. Rxb4 Rb8 24. Qb2 Rxb4 25. Qxb4 Qb7 26. f3 Kg7 27. Kf2 Ne8 28. Ke2 f6 29. Qxb7+ Bxb7 30. Ng4 Nc7 31. Kd2 Ba6 32. Bxa6 Nxa6 33. Kc3 h5 34. Nf2 Kf7 35. Nd3 Nc7 36. Nb4 Nb5+ 37. Kb3 Ke8 38. a4 Nc7 39. Nxc6 a6 40. Na5 Kd7 41. Kc3 e5 42. g3 Ne6 43. Nb3 g5 44. Nd2 gxh4 45. gxh4 Ng7 46. e4 dxe4 47. fxe4 exd4+ 48. Kxd4 Kc6 49. Nb3 Ne6+ 50. Kc4 Nf4 51. Nd4+ Kc7 52. Nf5 Kc6 53. Ne7+ Kd7 54. Nd5 Ng6 55. Nxf6+ Ke6 56. Nxh5 Nxh4 57. Ng7+ Ke5 58. Ne8 Kxe4 59. c6 Ng6 60. c7 Ne7 61. Nd6+ Ke5 62. Kc5 Ke6 63. c8Q+ Nxc8 64. Nxc8 Kd7 65. Na7 Kc7 66. Nc6 Kb7 67. Nb4 a5 68. Nc6 Ka6 69. Nd8 Ka7 70. Kb5 Kb8 71. Kb6 Kc8 72. Nc6 Kd7 73. Nxa5 1-0

[Event "Brno Duras op-A"]
[Site "Brno"]
[Date "2009.06.30"]
[Round "5"]
[White "Zitny, Petr"]
[Black "Zemanek, Jan"]
[Result "1-0"]
[WhiteElo "1955"]
[BlackElo "1846"]
[PlyCount "57"]
[EventDate "2009.06.26"]
[EventType "swiss"]
[EventRounds "9"]
[EventCountry "CZE"]
[SourceTitle "CBM 131 Extra"]
[Source "ChessBase"]
[SourceDate "2009.09.03"]
[SourceVersion "2"]
[SourceVersionDate "2009.09.16"]
[SourceQuality "1"]

1. e4 c5 2. Nf3 d6 3. d4 cxd4 4. Nxd4 e6 5. Nc3 a6 6. Be2 Nf6 7. Be3 Be7 8. 0-0 0-0 9. a4 b6 10. f4 Qc7 11. g4 Bb7 12. Bf3 Nc6 13. g5 Nd7 14. Nce2 Rad8 15. Ng3 Kh8 16. Bg2 Nb4 17. Qe2 Rg8 18. Rad1 Nc5 19. f5 Rde8 20. g6 fxg6 21. fxg6 hxg6 22. Qg4 Rgf8 23. Qxg6 Bf6 24. Nh5 Be5 25. Rf2 Qc8 26. Bf4 Qc7 27. Bxe5 dxe5 28. Rdf1 Rg8 29. Ng3 1-0

[Event "Bratislava Slovan op"]
[Site "Bratislava"]
[Date "2004.05.08"]
[Round "9"]
[White "Pacher, Milan"]
[Black "Zemanek, Jan"]
[Result "1-0"]
[WhiteElo "2165"]
[BlackElo "1831"]
[PlyCount "47"]
[EventDate "2004.05.??"]
[EventType "swiss"]
[EventRounds "9"]
[EventCountry "SVK"]
[SourceTitle "EXT 2005"]
[Source "ChessBase"]
[SourceDate "2004.11.15"]
[SourceVersion "1"]
[SourceVersionDate "2004.11.15"]
[SourceQuality "1"]

1. e4 c5 2. Nf3 d6 3. d4 cxd4 4. Nxd4 e6 5. c4 Nf6 6. Nc3 a6 7. Be2 Qc7 8. 0-0 Be7 9. Be3 Bd7 10. f4 Nc6 11. g4 Nxd4 12. Qxd4 0-0 13. g5 Ne8 14. f5 f6 15. g6 hxg6 16. fxg6 f5 17. exf5 exf5 18. Qd5+ Kh8 19. Rf3 Bh4 20. Rh3 Qd8 21. Bf2 Be6 22. Bxh4 Bxd5 23. Bxd8+ Kg8 24. Nxd5 1-0

[Event "Brno Duras BVK op-B"]
[Site "Brno"]
[Date "2003.07.06"]
[Round "9"]
[White "Zemanek, Jan"]
[Black "Vrzal, Tomas"]
[Result "1-0"]
[WhiteElo "1800"]
[BlackElo "1685"]
[PlyCount "153"]
[EventDate "2003.06.28"]
[EventType "swiss"]
[EventRounds "9"]
[EventCountry "CZE"]
[SourceTitle "EXT 2006"]
[Source "ChessBase"]
[SourceDate "2005.11.24"]
[SourceVersion "1"]
[SourceVersionDate "2005.11.24"]
[SourceQuality "1"]

1. c4 e5 2. Nc3 Bc5 3. g3 Nf6 4. Bg2 0-0 5. e3 Nc6 6. Nge2 Re8 7. a3 a5 8. 0-0 d6 9. h3 Rb8 10. Qc2 Bd7 11. Rd1 Qc8 12. Kh2 Bf5 13. e4 Bg6 14. f3 h6 15. d3 Nh7 16. Bd2 Nf8 17. Qa4 Ne6 18. Nd5 Ra8 19. Rf1 Ncd4 20. Ndc3 c6 21. Qd1 Qd8 22. Nxd4 Nxd4 23. Rb1 b5 24. cxb5 cxb5 25. b4 axb4 26. axb4 Bb6 27. Be3 Nc6 28. Bd2 Nd4 29. Re1 Bh5 30. Be3 Qb8 31. Nd5 Ra2 32. g4 Bg6 33. Rc1 Qa7 34. Kh1 f6 35. Ra1 Ra6 36. Rxa6 Qxa6 37. Bxd4 exd4 38. Qc2 Qb7 39. Rc1 Bf7 40. Nxb6 Qxb6 41. Qc6 Qb8 42. Qc7 Qxc7 43. Rxc7 Ra8 44. Bf1 Ra4 45. Rc8+ Kh7 46. Rd8 Rxb4 47. Rxd6 Ra4 48. f4 Ra1 49. Kg1 b4 50. Rxd4 b3 51. Rb4 Rc1 52. d4 Bc4 53. Rxc4 b2 54. Rb4 b1Q 55. Rxb1 Rxb1 56. Kf2 Kg8 57. h4 Kf8 58. e5 Ke7 59. Bd3 Rd1 60. Ke2 Rg1 61. Kf3 Rh1 62. h5 Rh3+ 63. Ke2 Rg3 64. Bf5 Rb3 65. d5 fxe5 66. fxe5 Rb5 67. Be4 Rb3 68. Bd3 Rb4 69. Kf3 Kf7 70. Bf5 Rb5 71. Be4 Rb2 72. Bg6+ Ke7 73. Bf5 Kf7 74. Ke3 Rb4 75. d6 Rc4 76. e6+ Kf6 77. e7 1-0

[Event "Brno Duras BVK op-B"]
[Site "Brno"]
[Date "2003.07.01"]
[Round "4"]
[White "Fic, Zbynek"]
[Black "Zemanek, Jan"]
[Result "1-0"]
[WhiteElo "1610"]
[BlackElo "1804"]
[PlyCount "68"]
[EventDate "2003.06.28"]
[EventType "swiss"]
[EventRounds "9"]
[EventCountry "CZE"]
[SourceTitle "EXT 2006"]
[Source "ChessBase"]
[SourceDate "2005.11.24"]
[SourceVersion "1"]
[SourceVersionDate "2005.11.24"]
[SourceQuality "1"]

1. e4 c5 2. c3 e6 3. d4 cxd4 4. cxd4 d6 5. Nc3 a6 6. Nf3 Be7 7. Bd3 Nf6 8. 0-0 0-0 9. Bc2 Nc6 10. a3 Qc7 11. Re1 e5 12. Qd3 Bg4 13. Nd5 Qd8 14. Nxe7+ Qxe7 15. d5 Na7 16. h3 Bxf3 17. Qxf3 Rfc8 18. Bb3 b5 19. Bg5 Rc7 20. Rac1 Rac8 21. Qe3 Rc5 22. Rxc5 Rxc5 23. Rc1 Nc8 24. Rxc5 dxc5 25. Bxf6 gxf6 26. Qh6 c4 27. Bd1 Qd6 28. Bg4 Ne7 29. Qd2 Kg7 30. Kf1 Ng6 31. Qb4 Qxb4 32. axb4 Kg8 33. Bc8 a5 34. bxa5 b4 1-0

[Event "Brno Duras BVK op-B"]
[Site "Brno"]
[Date "2003.06.29"]
[Round "2"]
[White "Kratochvil, Karel"]
[Black "Zemanek, Jan"]
[Result "1-0"]
[WhiteElo "1642"]
[BlackElo "1804"]
[PlyCount "107"]
[EventDate "2003.06.28"]
[EventType "swiss"]
[EventRounds "9"]
[EventCountry "CZE"]
[SourceTitle "EXT 2006"]
[Source "ChessBase"]
[SourceDate "2005.11.24"]
[SourceVersion "1"]
[SourceVersionDate "2005.11.24"]
[SourceQuality "1"]

1. d4 Nf6 2. c4 b6 3. Nc3 Bb7 4. e3 e6 5. Nf3 d5 6. Be2 Nbd7 7. 0-0 a6 8. Rb1 Bd6 9. b4 dxc4 10. Bxc4 0-0 11. a3 Qc8 12. Be2 Rd8 13. Qb3 Nd5 14. Bd2 N7f6 15. Rfc1 Qd7 16. Ne1 Nxc3 17. Bxc3 Ne4 18. Bd3 Qe7 19. f4 Rab8 20. Qc2 f5 21. Ba1 g5 22. g3 h6 23. Qe2 Ra8 24. Bc4 Kh7 25. Qa2 Re8 26. Nd3 a5 27. Qb2 Nf6 28. Re1 Be4 29. Qd2 axb4 30. axb4 Nd5 31. b5 Ra5 32. Bc3 Ra7 33. Ra1 Rea8 34. Rec1 Qf7 35. Ra6 Qh5 36. Ne1 Rxa6 37. bxa6 Qe8 38. Qb2 Nxe3 39. Bb5 Qe7 40. Ra1 Ra7 41. fxg5 hxg5 42. Qe2 Ng4 43. Bd2 Kg6 44. Nf3 Bxf3 45. Qxf3 Qh7 46. Qg2 Nf6 47. Bc6 e5 48. dxe5 Bxe5 49. Ra4 Qf7 50. Qf3 Nd7 51. Qe3 Bf6 52. h4 Nc5 53. Be8 f4 54. gxf4 1-0

[Event "Klatovy op-B"]
[Site "Klatovy"]
[Date "2001.??.??"]
[Round "?"]
[White "Prazak, Ondrej"]
[Black "Zemanek, Jan"]
[Result "0-1"]
[WhiteElo "1660"]
[BlackElo "1780"]
[PlyCount "52"]
[EventDate "2001.07.??"]
[EventType "swiss"]
[EventRounds "9"]
[EventCountry "CZE"]
[SourceTitle "EXT 2006"]
[Source "ChessBase"]
[SourceDate "2005.11.24"]
[SourceVersion "1"]
[SourceVersionDate "2005.11.24"]
[SourceQuality "1"]

1. e4 c6 2. d4 d5 3. Nc3 dxe4 4. Nxe4 Bf5 5. Ng3 Bg6 6. Nf3 Nd7 7. Bd3 Bxd3 8. Qxd3 e6 9. c3 Ngf6 10. Bg5 Be7 11. 0-0-0 Qc7 12. Rhe1 h6 13. Bd2 0-0 14. Ne5 Rfd8 15. f4 c5 16. Ne2 cxd4 17. Nxd4 Nc5 18. Qc2 Rac8 19. Nb3 Na4 20. Be3 b5 21. Rxd8+ Rxd8 22. Rd1 Nd5 23. Bd4 Nxf4 24. Qf2 Bg5 25. Kb1 Nd5 26. Ng4 Ndxc3+ 0-1

[Event "Klatovy op-B"]
[Site "Klatovy"]
[Date "2001.??.??"]
[Round "?"]
[White "Zemanek, Jan"]
[Black "Petera, Lubomir"]
[Result "0-1"]
[WhiteElo "1780"]
[BlackElo "1630"]
[PlyCount "38"]
[EventDate "2001.07.??"]
[EventType "swiss"]
[EventRounds "9"]
[EventCountry "CZE"]
[SourceTitle "EXT 2006"]
[Source "ChessBase"]
[SourceDate "2005.11.24"]
[SourceVersion "1"]
[SourceVersionDate "2005.11.24"]
[SourceQuality "1"]

1. Nf3 c5 2. c4 Nc6 3. Nc3 Nf6 4. g3 g6 5. Bg2 Bg7 6. 0-0 0-0 7. d3 d5 8. cxd5 Nxd5 9. Bd2 Bg4 10. h3 Be6 11. Ng5 Nc7 12. Nxe6 Nxe6 13. Bxc6 bxc6 14. Rc1 Qc7 15. Na4 Rfd8 16. Rc4 Bd4 17. Qc1 Qxg3+ 18. Kh1 Qxh3+ 19. Kg1 Rd5 0-1

[Event "Klatovy op-B"]
[Site "Klatovy"]
[Date "2001.??.??"]
[Round "?"]
[White "Zemanek, Jan"]
[Black "Prib, Josef Sr"]
[Result "0-1"]
[WhiteElo "1780"]
[BlackElo "1815"]
[PlyCount "98"]
[EventDate "2001.07.??"]
[EventType "swiss"]
[EventRounds "9"]
[EventCountry "CZE"]
[SourceTitle "EXT 2006"]
[Source "ChessBase"]
[SourceDate "2005.11.24"]
[SourceVersion "1"]
[SourceVersionDate "2005.11.24"]
[SourceQuality "1"]

1. Nf3 d5 2. c4 c6 3. b3 Bg4 4. Bb2 Bxf3 5. gxf3 Nf6 6. Bh3 Nbd7 7. f4 e6 8. Rg1 dxc4 9. bxc4 Ne4 10. e3 Qh4 11. Qf3 Ndc5 12. Ke2 Nxf2 13. Qxf2 Qxf2+ 14. Kxf2 Nd3+ 15. Ke2 Nxb2 16. Rc1 Rd8 17. d4 c5 18. Rc2 Na4 19. Bg2 cxd4 20. exd4 Rxd4 21. Bxb7 Kd7 22. Ba6 Nc5 23. Bb5+ Kc7 24. Nd2 a6 25. Nb3 Nxb3 26. axb3 axb5 27. cxb5+ Kb7 28. Rac1 Bd6 29. Rc6 Rd8 30. Ra1 Rc8 31. Rca6 Bc5 32. Rc1 Rd6 33. Rxc5 Rxc5 34. Rxd6 Kc7 35. Ra6 Rxb5 36. Ra7+ Rb7 37. Rxb7+ Kxb7 38. Kd3 h6 39. Ke4 f6 40. h4 g5 41. fxg5 fxg5 42. hxg5 hxg5 43. Kd4 g4 44. Ke3 e5 45. Ke4 Kc6 46. Ke3 Kc5 47. Kf2 e4 48. Ke3 g3 49. Ke2 Kb4 0-1